01161nam a2200325 c 450000100060000000300100000600500170001600700030003300800410003602000180007704000350009504100080013008400060013810000290014424501180017325000220029126400660031330000360037933600270041533700330044233800280047549000330050352100610053665000470059765000450064465000300068965000420071965000320076170000420079359760CO-BoRNBP20251104221131.0ta210813s2016 ck a br 000 j spa d a9789582012212 aCO-BoRNBPbspaerdacCO-BoRNBP0 aspa aC aMakuritofe, Vicenteeaut13aLa cacería soñada del cucarrón enano /cVicente Makuritofe ; ilustraciones Confucio Hernández Makuritofe. aPrimera edición 1aBogotá, Colombia :bTropenbos Internacional Colombia,c2016 a[34] páginas :bilustraciones 2rdacontentatextobtxt 2rdamediaasin mediaciónbn 2rdacarrieravolumenbnc aXue : Historias amazónicas aRecomendado para un público infantil mayor de 6 años04aAmazonas (Region, Colombia)vCuentos2LEMB07aAvesxHábitos y conductavCd-rom2lemb07aCucarronesvCuentos2lemb07aCuentos indígenas colombianos2LEMB04aLiteratura colombiana2LEMB aHernández Makuritofe, Confucioeill